Mi vida

Sparad:
Bibliografiska uppgifter
Huvudupphovsman: Chagall, Marc (Författare, medförfattare)
Materialtyp: Bok
Språk:spanska
Publicerad: Barcelona, España. Acantilado, 2012
Upplaga:2a. ed
Serie:El Acantilado, 103
Ämnen:
Taggar: Lägg till en tagg
Inga taggar, Lägg till första taggen!

MARC

LEADER 00000cam a2200000 a 4500
001 UCC9999
003 CL-VaPUC
005 20211018093517.0
008 191206e20120000sp spa d
999 |c 375782  |d 375780 
020 |a 9788415277545 
040 |c Pontificia Universidad Católica de Valparaíso 
082 0 4 |a 927 CHA 2012  |2 21 
100 1 |a Chagall, Marc  |e author  |9 265562 
245 1 0 |a Mi vida 
250 |a 2a. ed 
260 |a Barcelona, España.  |b Acantilado,  |c 2012 
300 |a 215 páginas 
490 0 |a El Acantilado, 103 
583 |a last modification  |c 20191206 10:52:00  |k cmena 
650 0 0 |a Biografías  |9 255210 
650 0 0 |a Pintores franceses   |9 340354 
942 |c BK  |2 ddc 
945 |a cmena  |d 20191206 10:52:00 
952 |0 0  |1 0  |2 ddc  |3 erb  |4 0  |6 927_000000000000000_CHA_2012  |7 0  |8 A  |9 495611  |a BIBHIS  |b BIBHIS  |e 14  |g 11990.00  |i 5566509  |o 927 CHA 2012  |p 5566509  |r 2025-01-20  |v 11990.00  |w 2020-01-06  |y BK  |z Catalogado en:20191206  |k HIS